| 000 | 01851nac a2200277 a 4500 | ||
|---|---|---|---|
| 003 | CO-PeBPM | ||
| 005 | 20250607132514.0 | ||
| 007 | ta | ||
| 008 | 250607s2016 ck a|||| |||| 00| 0 spa d | ||
| 020 | _aISBN: 9789588852263 | ||
| 040 |
_aCO-PeBPM _bspa _cCO-PeBPM _erda |
||
| 041 | _aspa | ||
| 082 | 0 | 4 |
_222 _a301.09861 P649e |
| 100 | 1 | 0 |
_aPineda Camacho, Roberto _eautor |
| 245 | 1 | 0 |
_aEstrenando el oficio de etnólogas _b: Y otros ensayos sobre la historia de la antropología en Colombia _c/ Roberto Pineda Camacho |
| 260 |
_aBogotá, Colombia _b: Instituto Colombiano de Antropología e Historia _c, 2016 |
||
| 300 |
_a252 páginas _bilustraciones, fotografías en blanco y negro _c24 centímetros |
||
| 490 | _aOtras Miradas. Antropología | ||
| 500 | _aIncluye índice | ||
| 504 | _aIncluye bibliografía al final de cada capítulo | ||
| 520 | _aEste libro reúne siete ensayos sobre los más prestantes antropólogos y antropólogas de Colombia y sobre aquellos que han estudiado nuestras sociedades indígenas de las tierras bajas, así como sobre distintos momentos y tendencias clave para la comprensión de la historia de la antropología en el país. Entre otros temas, el autor destaca que la práctica de la antropología en el actual territorio colombiano ha estado condicionada, en parte, por un clima institucional, y también por una interacción dinámica entre los aportes de etnólogos extranjeros y colombianos. También examina cómo, desde la segunda mitad del siglo xix, la etnología en Colombia se cuece bajo la influencia de Adolf Bastian y el Real Museo de Etnografía de Berlín. | ||
| 650 | 1 | 4 |
_2LEMB _aArqueología - Amazonas (Región, Colombia) |
| 710 | 1 | 4 | _aInstituto Colombiano de Antropología e Historia |
| 942 |
_2ddc _cBK _n0 |
||
| 999 |
_c60911 _d60911 |
||